000 00832nac a22002411i 4500
003 EG-ScBUE
005 20260401101220.0
008 260401s1955 caua f 000 0 eng d
040 _aEG-ScBUE
_beng
_erda
_cEG-ScBUE
_dEG-ScBUE
082 0 4 _a550
_bGIL
_222
100 1 _aGilluly, James,
_eauthor.
245 1 0 _aPrinciples of geology /
_cby James Gilluly, Aaron C. Waters, A.O. Woodford ; illustratons by Robert R. Compton.
264 1 _aSan Francisco :
_bW. H. Freeman Company,
_c1955.
300 _a534 pages :
_billustrations ;
_c26 cm.
336 _2rdacontent
_atext
_btxt
337 _aunmediated
_2rdamedia
_bn
338 _avolume
_bnc
_2rdacarrier
490 0 _aA series of geology texts
650 7 _aGeology.
_2BUEsh
655 _vReading book
942 _cBB
_2ddc
999 _c1658
_d1658